Ozbrojené sily a zóna spoločného obchodu v Latinskej Amerike (MERCOSUR)

MERCOSUR (Mercado Común del Sur) reprezentuje medzi subregionálnymi dohodami jednu z najvýznamnejších ekonomických zón integrácie Ameriky. Je tvorený Arfgentínou, Brazíliou, Paraguajom, Uruguajom a asociovanými partnermi Bolíviou a Chile. Vplývanie regionálneho zoskupenia MERCOSUR na úlohu ozbrojený...

Ausführliche Beschreibung

Gespeichert in:
Bibliographische Detailangaben
1. Verfasser: Gutiérrez, Omar L.
Weitere Verfasser: Thauby, Fernando G., Dobrík, Michal
Format: Buchkapitel
Sprache:Slowakisch
Schlagworte:
Tags: Tag hinzufügen
Keine Tags, Fügen Sie das erste Tag hinzu!

MARC

LEADER 00000naa$a2200000$$$4500
001 0019920
005 20231107111205.2
041 0 |a slo 
044 |a SK 
245 1 0 |a Ozbrojené sily a zóna spoločného obchodu v Latinskej Amerike (MERCOSUR)  |c Omar L. Gutiérrez, Fernando G. Thauby ; prekl. Michal Dobrík 
520 |a MERCOSUR (Mercado Común del Sur) reprezentuje medzi subregionálnymi dohodami jednu z najvýznamnejších ekonomických zón integrácie Ameriky. Je tvorený Arfgentínou, Brazíliou, Paraguajom, Uruguajom a asociovanými partnermi Bolíviou a Chile. Vplývanie regionálneho zoskupenia MERCOSUR na úlohu ozbrojených síl. MERCOSUR ako proces integrácie. Národné politické projekty, vzájomná závislosť a využitie národného potenciálu. 
610 2 0 |a zoskupenia integračné medzinárodné 
610 2 0 |a zóny 
610 2 0 |a Latinská Amerika 
610 2 0 |a MERCOSUR 
610 2 0 |a vzťahy hospodárske medzinárodné 
610 2 0 |a sily ozbrojené 
610 2 0 |a konflikty medzinárodné 
610 2 0 |a integrácia regionálna 
610 2 0 |a politika bezpečnostná 
100 1 |a Gutiérrez, Omar L. 
700 1 |a Thauby, Fernando G. 
700 1 |a Dobrík, Michal